<?xml version="1.0" encoding="UTF-8"?><?xml-stylesheet type="text/xsl" href="static/style.xsl"?><OAI-PMH xmlns="http://www.openarchives.org/OAI/2.0/" xmlns:xsi="http://www.w3.org/2001/XMLSchema-instance" xsi:schemaLocation="http://www.openarchives.org/OAI/2.0/ http://www.openarchives.org/OAI/2.0/OAI-PMH.xsd"><responseDate>2026-04-27T19:48:51Z</responseDate><request verb="GetRecord" identifier="oai:uvadoc.uva.es:10324/61465" metadataPrefix="marc">https://uvadoc.uva.es/oai/request</request><GetRecord><record><header><identifier>oai:uvadoc.uva.es:10324/61465</identifier><datestamp>2023-09-06T19:02:54Z</datestamp><setSpec>com_10324_38</setSpec><setSpec>col_10324_852</setSpec></header><metadata><record xmlns="http://www.loc.gov/MARC21/slim" xmlns:doc="http://www.lyncode.com/xoai" xmlns:xsi="http://www.w3.org/2001/XMLSchema-instance" xmlns:dcterms="http://purl.org/dc/terms/" xsi:schemaLocation="http://www.loc.gov/MARC21/slim http://www.loc.gov/standards/marcxml/schema/MARC21slim.xsd">
<leader>00925njm 22002777a 4500</leader>
<datafield tag="042" ind1=" " ind2=" ">
<subfield code="a">dc</subfield>
</datafield>
<datafield tag="720" ind1=" " ind2=" ">
<subfield code="a">Bordianu Bolganschi, Dumitrita Axenia</subfield>
<subfield code="e">author</subfield>
</datafield>
<datafield tag="260" ind1=" " ind2=" ">
<subfield code="c">2023</subfield>
</datafield>
<datafield tag="520" ind1=" " ind2=" ">
<subfield code="a">La impresión 3D cuenta con más de 40 años de vida, que han servido para &#xd;
demostrar que es un modelo de producción aplicable a cualquier tipo de &#xd;
empresa. Para imprimir en 3D se puede optar por diferentes tecnologías como &#xd;
SLS o FDM, entre otras. La impresión 3D, también conocida como fabricación &#xd;
aditiva, se presenta como la mejor alternativa al modelo de producción tradicional &#xd;
debido a las innumerables ventajas competitivas que presenta. Muchos sectores &#xd;
ya han optado por introducir la impresión 3D en sus fábricas, como la industria &#xd;
aeroespacial. La impresión 3D se presenta como la nueva oportunidad del S.XXI, &#xd;
ofreciendo ahorros potenciales a las empresas que lo implementan en su &#xd;
producción o siendo la base de nuevos modelos de negocio. Como la teoría no &#xd;
es suficiente para poder convencer a las compañías de apostar por una nueva &#xd;
tecnología, todo ello se ilustra mediante el caso de la empresa Mattel y los &#xd;
beneficios obtenidos gracias a comenzar, de manera temprana, a utilizar la &#xd;
tecnología 3D</subfield>
</datafield>
<datafield tag="024" ind2=" " ind1="8">
<subfield code="a">https://uvadoc.uva.es/handle/10324/61465</subfield>
</datafield>
<datafield tag="245" ind1="0" ind2="0">
<subfield code="a">La impresión 3D como nuevo modelo de producción</subfield>
</datafield>
</record></metadata></record></GetRecord></OAI-PMH>